Source Book in Indian Philosophy. (Record no. 1383)

MARC details
000 -LEADER
fixed length control field 00611nam a2200241 a 4500
020 ## - INTERNATIONAL STANDARD BOOK NUMBER
ISBN
082 00 - DEWEY DECIMAL CLASSIFICATION NUMBER
Classification number 181.4
Author Cutter RAD2
100 ## - MAIN ENTRY--AUTHOR NAME
Author name Radhakrishnan, Sarvepalli
245 ## - TITLE STATEMENT
Title Source Book in Indian Philosophy.
260 ## - PUBLICATION, DISTRIBUTION, ETC. (IMPRINT)
Place of publication New Jersy
Name of publisher Princeston University Press
Year of publication 1957
300 ## - PHYSICAL DESCRIPTION
Number of Pages 683p
500 ## - GENERAL NOTE
General note includes index and biblioraphy
505 2# - FORMATTED CONTENTS NOTE
Formatted contents note Index
650 ## - SUBJECT ADDED ENTRY--TOPICAL TERM
Topical Term Philosophy-Hindu
942 ## - ADDED ENTRY ELEMENTS (KOHA)
Koha item type Books
700 1# -
-- Radhakrishnan, Sarvepalli
Holdings
Collection code Home library Current library Date acquired Cost, normal purchase price Full call number Accession Number Koha item type
  Henry Martyn Institute Library Henry Martyn Institute Library 01/25/2011 0.00 181.4 RAD2 02656 Books
                   Copyright © 2026 | Henry Martyn Institute | Hyderabad | TS-500052 | INDIA | Implemented by hmi.edu.in
Hit-Count:

Powered by Koha